=LDR 00000nam 2200000 4500 =001 INLIS000000000020369 =005 20130612115326 =008 ***********************************Ind** =035 ##$$0010-061300000020369 =041 ##$$a Ind =082 ##$$a R.413.2 =090 ##$$a R.413.2, Mun k =100 ##$$a Munawir, A.W =245 ##$$a Kamus Al Munawir Arab Indonesia terlengkap, oleh A.M Munawir =260 ##$$a 1984 $b Jakarta =300 ##$$a 1701 hlm, 21 cm =650 ##$$a Kamus Arab-Indonesia =850 ##$$a NBPNMAT